Transcending gender limits: A feminist analysis of Willa Cather's short stories

Αποθηκεύτηκε σε:
Λεπτομέρειες βιβλιογραφικής εγγραφής
Κύριος συγγραφέας: Barquero Vargas, Ana Patricia
Μορφή: Βιβλίο
Γλώσσα:Undetermined
Έκδοση: San José, Costa Rica Universidad de Costa Rica, Escuela de Lenguas Modernas 1999
Θέματα:
Ετικέτες: Προσθήκη ετικέτας
Δεν υπάρχουν, Καταχωρήστε ετικέτα πρώτοι!

MARC

LEADER 00000nam a2200000Ia 4500
008 170316s9999 xx 000 0 und d
040 |a cru BVZT 
090 |a TESIS 617 
100 |a Barquero Vargas, Ana Patricia 
245 |a Transcending gender limits: A feminist analysis of Willa Cather's short stories 
260 |a San José, Costa Rica 
260 |b Universidad de Costa Rica, Escuela de Lenguas Modernas 
260 |c 1999 
300 |a 126 páginas 
650 |a LICENCIATURA EN LITERATURA INGLESA 
650 |a TRABAJO FINAL DE GRADUACIÓN 
999 |c 14271  |d 14271 
942 |c TFG  |h TESIS 617  |2 z